Loading...
| Social Science | 0 | 6 | 0 | 0 | 60 | 45 | 95.00 | 1 | 3 |
| Other | 0 | 4 | 0 | 0 | 40 | 83 | 95.50 | 0 | 1 |
| History - World History | 0 | 4 | 1 | 1 | 35 | 72 | 100.75 | 0 | 2 |
| Science - Physics | 0 | 3 | 0 | 0 | 30 | 83 | 112.00 | 0 | 0 |
| History - Other History | 0 | 3 | 1 | 0 | 25 | 81 | 96.67 | 0 | 2 |
| History - American History | 0 | 2 | 0 | 0 | 20 | 17 | 54.50 | 2 | 2 |
| Literature - World Literature | 0 | 1 | 0 | 0 | 10 | 69 | 69.00 | 1 | 1 |
| Fine Arts - Painting & Sculpture | 0 | 1 | 0 | 1 | 10 | 132 | 132.00 | 0 | 0 |
| Fine Arts - Other Fine Arts | 0 | 1 | 0 | 1 | 10 | 74 | 74.00 | 0 | 0 |
| Philosophy | 0 | 1 | 0 | 0 | 10 | 125 | 125.00 | 0 | 0 |
| Science - Biology | 0 | 1 | 1 | 0 | 5 | 92 | 92.00 | 0 | 1 |
| Mythology | 0 | 1 | 1 | 0 | 5 | 107 | 107.00 | 0 | 0 |
| Literature - British Literature | 0 | 0 | 0 | 0 | 0 | 0.00 | 0 | 0 | |
| Literature - American Literature | 0 | 1 | 2 | 0 | 0 | 136 | 136.00 | 0 | 0 |
| Religion | 0 | 0 | 1 | 0 | -5 | 0.00 | 0 | 0 | |
| Science - Other Science | 0 | 1 | 3 | 0 | -5 | 116 | 116.00 | 0 | 0 |
| History - European History | 0 | 0 | 1 | 0 | -5 | 0.00 | 0 | 0 |